Dust in the galactic environment / (Record no. 29112)

000 -LEADER
fixed length control field 00716 a2200193 4500
020 ## - INTERNATIONAL STANDARD BOOK NUMBER
International Standard Book Number 0750306246
020 ## - INTERNATIONAL STANDARD BOOK NUMBER
International Standard Book Number 9780750306249
082 04 - DEWEY DECIMAL CLASSIFICATION NUMBER
Classification number 523.1125
090 ## - LOCALLY ASSIGNED LC-TYPE CALL NUMBER (OCLC); LOCAL CALL NUMBER (RLIN)
-- 481
-- 481
100 1# - MAIN ENTRY--PERSONAL NAME
Personal name Whittet, D.C.B.
245 10 - TITLE STATEMENT
Title Dust in the galactic environment /
Statement of responsibility, etc. D.C.B Whittet.
250 ## - EDITION STATEMENT
Edition statement 2nd ed.
260 ## - PUBLICATION, DISTRIBUTION, ETC.
Place of publication, distribution, etc. [S.l.] :
Name of publisher, distributor, etc. Institute of Physics Publishing, Bristol & Philadelphia
Date of publication, distribution, etc. 2003.
300 ## - PHYSICAL DESCRIPTION
Extent 390 p. ;
Dimensions 24 cm.
490 1# - SERIES STATEMENT
Series statement 2nd edition (series in astronomy and astrophysics).
830 #0 - SERIES ADDED ENTRY--UNIFORM TITLE
Uniform title 2nd edition (series in astronomy and astrophysics).
942 ## - ADDED ENTRY ELEMENTS (KOHA)
Institution code [OBSOLETE] SNS
Koha item type Book
Call number prefix 523.1125 WHI
Holdings
Withdrawn status Lost status Damaged status Not for loan Permanent Location Current Location Date acquired Total Checkouts Full call number Barcode Date last seen Price effective from Koha item type
        School of Natural Sciences (SNS) School of Natural Sciences (SNS) 05/26/2016   523.1125 WHI SNS0000414 05/26/2016 05/26/2016 Book
© 2023 Central Library, National University of Sciences and Technology. All Rights Reserved.